| 000 | 00807nam a2200241 i 4500 | ||
|---|---|---|---|
| 001 | 107588 | ||
| 003 | ES-MaACL | ||
| 005 | 20250826005344.0 | ||
| 007 | t| | ||
| 008 | 061121s1971 sp |||| | spa d | ||
| 080 | _a329.14(42)"17/19"(091) | ||
| 100 | 1 |
_aMorton, A.L. _983726 |
|
| 245 | 1 | 0 |
_aHistoria del movimiento obrero inglés / _cA.L. Morton, George Tate; traducido por Simón Sánchez Montero. |
| 260 |
_aMadrid : _bFundamentos, _c1971. |
||
| 300 |
_a433 p. ; _c19 cm. |
||
| 490 | 1 | _aColección Ciencia. Serie História | |
| 650 | 7 |
_aMovimiento obrero- _zInglaterra _2 _9152095 |
|
| 700 | 1 |
_aSánchez Montero, Simón. _9102790 |
|
| 700 | 1 |
_aTate, George. _9152096 |
|
| 830 | 0 | 0 |
_aColección ciencia (Fundamentos) _9227763 |
| 852 |
_aES-MaACL _jC-45803 |
||
| 999 |
_c107588 _d107588 |
||